[Event "Prague Visus op"]
[Site "Prague"]
[Date "2005.07.04"]
[Round "3"]
[White "Ratolistka, Josef"]
[Black "Ruzyak, Pavel"]
[Result "1/2-1/2"]
[WhiteElo "2059"]
[BlackElo "1913"]
[PlyCount "28"]
[EventDate "2005.07.02"]
[EventType "swiss"]
[EventRounds "9"]
[EventCountry "CZE"]
[SourceTitle "CBM 107 Extra"]
[Source "ChessBase"]
[SourceDate "2005.09.01"]
[SourceVersion "1"]
[SourceVersionDate "2005.09.01"]
[SourceQuality "1"]

1. Nf3 Nf6 2. d4 e6 3. Bf4 b6 4. e3 Bb7 5. Nbd2 Be7 6. Be2 c5 7. 0-0 0-0 8. c3 d5 9. Ne5 Nbd7 10. Bf3 Nxe5 11. Bxe5 Nd7 12. Bg3 f5 13. dxc5 Nxc5 14. Nb3 Ba6 1/2-1/2

[Event "Prague op-A 04th"]
[Site "Prague"]
[Date "2005.01.14"]
[Round "1"]
[White "Ratolistka, Josef"]
[Black "Meduna, Eduard"]
[Result "0-1"]
[WhiteElo "2094"]
[BlackElo "2435"]
[PlyCount "56"]
[EventDate "2005.01.14"]
[EventType "swiss"]
[EventRounds "9"]
[EventCountry "CZE"]
[SourceTitle "CBM 104 Extra"]
[Source "ChessBase"]
[SourceDate "2005.03.01"]
[SourceVersion "1"]
[SourceVersionDate "2005.03.01"]
[SourceQuality "1"]

1. e4 c6 2. c3 d5 3. d3 e5 4. Nf3 Bd6 5. Bg5 f6 6. Bh4 Ne7 7. Bg3 0-0 8. Be2 Ng6 9. Na3 Be6 10. Nc2 Nd7 11. Ne3 Bc5 12. Qb3 Nf4 13. Bxf4 exf4 14. exd5 Bf7 15. Nd1 Bxd5 16. c4 Bxf3 17. gxf3 Re8 18. Nc3 Bd4 19. Kf1 Nc5 20. Qc2 f5 21. b4 Qh4 22. Nd1 Qh3+ 23. Ke1 Qxf3 24. Rg1 Nxd3+ 25. Kf1 Qh3+ 26. Rg2 f3 27. Ne3 Rxe3 28. Bxf3 Rxf3 0-1

[Event "Schneider Bohemia op-A"]
[Site "Plzen"]
[Date "2000.??.??"]
[Round "?"]
[White "Ratolistka, Josef"]
[Black "Balin, Jan"]
[Result "0-1"]
[WhiteElo "2150"]
[BlackElo "2070"]
[PlyCount "80"]
[EventDate "2000.??.??"]
[EventType "swiss"]
[EventRounds "9"]
[EventCountry "CZE"]
[SourceTitle "EXT 2003"]
[Source "ChessBase"]
[SourceDate "2002.11.25"]
[SourceVersion "1"]
[SourceVersionDate "2002.11.25"]
[SourceQuality "1"]

1. Nf3 Nf6 2. b3 d5 3. Bb2 c6 4. e3 Bf5 5. d4 e6 6. Bd3 Bxd3 7. Qxd3 Ne4 8. Nbd2 f5 9. 0-0 Nd7 10. Ne5 Nxe5 11. dxe5 Nxd2 12. Qxd2 Be7 13. Rad1 Qc7 14. Qe1 0-0 15. f4 b5 16. g4 Qb6 17. g5 g6 18. h4 a5 19. a3 a4 20. b4 c5 21. c3 cxb4 22. cxb4 Rac8 23. Rc1 Rfd8 24. Qd2 Rc4 25. Bd4 Qc6 26. Rxc4 dxc4 27. Qg2 Rd5 28. Qc2 Bd8 29. Rd1 Qd7 30. Kf2 h6 31. Kg2 Bb6 32. Qc3 Qb7 33. Kg3 hxg5 34. hxg5 Qh7 35. Rf1 Bxd4 36. exd4 Qh5 37. Rf3 Qh1 38. Kf2 Rd7 39. Rg3 Qe4 40. Qf3 Qxd4+ 0-1

[Event "Schneider Bohemia op-A"]
[Site "Plzen"]
[Date "2000.??.??"]
[Round "?"]
[White "Vanek, Tomas"]
[Black "Ratolistka, Josef"]
[Result "0-1"]
[WhiteElo "2030"]
[BlackElo "2150"]
[PlyCount "118"]
[EventDate "2000.??.??"]
[EventType "swiss"]
[EventRounds "9"]
[EventCountry "CZE"]
[SourceTitle "EXT 2003"]
[Source "ChessBase"]
[SourceDate "2002.11.25"]
[SourceVersion "1"]
[SourceVersionDate "2002.11.25"]
[SourceQuality "1"]

1. d4 d5 2. Nf3 Nf6 3. e3 c6 4. Bd3 Bg4 5. b3 e6 6. Bb2 Nbd7 7. Nbd2 Bd6 8. h3 Bxf3 9. Nxf3 Qc7 10. Qe2 0-0 11. 0-0 e5 12. dxe5 Nxe5 13. c4 dxc4 14. Bxc4 Nxf3+ 15. Qxf3 Bh2+ 16. Kh1 Be5 17. Bxe5 Qxe5 18. Rad1 Rfd8 19. g3 Qe4 20. Kg2 Kf8 21. Bd3 Qxf3+ 22. Kxf3 Nd5 23. e4 Nc3 24. Rd2 Nxa2 25. Ke3 Nb4 26. Bb1 Ke7 27. f4 f6 28. e5 Nd5+ 29. Kf3 g6 30. Re1 Nc3 31. Bd3 f5 32. g4 Rd4 33. gxf5 gxf5 34. Ke3 Rad8 35. Rg1 Ne4 36. Rdd1 Nc5 37. Bc2 Rxd1 38. Bxd1 Ne6 39. b4 Rd4 40. Rg7+ Kf8 41. Rxb7 Rxd1 42. Rxa7 Rd4 43. Rxh7 Re4+ 44. Kd2 Rxf4 45. Rh6 Kf7 46. Kd3 Rxb4 47. Rf6+ Ke7 48. Rxf5 Rb3+ 49. Ke4 Rxh3 50. Rf1 Rh4+ 51. Kf5 Rh8 52. Ra1 Rf8+ 53. Ke4 Rc8 54. Rh1 Rg8 55. Ra1 Rd8 56. Rh1 Nc5+ 57. Ke3 Ke6 58. Rh6+ Kd5 59. Rf6 Ne6 0-1

[Event "Pardubice KB op"]
[Site "Pardubice"]
[Date "1996.??.??"]
[Round "1"]
[White "Ratolistka, Josef"]
[Black "Iljushin, Alexei"]
[Result "0-1"]
[WhiteElo "2180"]
[BlackElo "2400"]
[PlyCount "90"]
[EventDate "1996.07.??"]
[EventType "swiss"]
[EventRounds "9"]
[EventCountry "CZE"]
[SourceTitle "CBM 055 Extra"]
[Source "ChessBase"]
[SourceDate "1997.01.01"]
[SourceVersion "1"]
[SourceVersionDate "1997.01.01"]
[SourceQuality "1"]

1. Nf3 d5 2. d4 c6 3. c3 Bf5 4. Bf4 e6 5. e3 Nd7 6. Be2 Ngf6 7. h3 Be7 8. 0-0 Ne4 9. Nbd2 0-0 10. Nxe4 Bxe4 11. Ne5 Nxe5 12. Bxe5 f6 13. Bg3 Qb6 14. Bd3 Bg6 15. Bxg6 hxg6 16. Qb3 Qxb3 17. axb3 c5 18. Rfe1 Kf7 19. Ra4 a6 20. Bc7 Rfc8 21. Bb6 cxd4 22. Rxd4 Rc6 23. Ba5 Bc5 24. Ra4 b6 25. Bb4 b5 26. Ra5 Bxb4 27. cxb4 Rd8 28. Rea1 Rdd6 29. Rd1 Rc2 30. Ra2 e5 31. Kf1 d4 32. Ke1 d3 33. Rd2 Rxd2 34. Kxd2 e4 35. Ra1 Rc6 36. Rc1 Rxc1 37. Kxc1 Ke6 38. Kd2 f5 39. f3 Ke5 40. f4+ Ke6 41. g3 Kf6 42. Ke1 g5 43. Kf2 gxf4 44. exf4 d2 45. Ke2 e3 0-1

[Event "Pardubice KB op"]
[Site "Pardubice"]
[Date "1996.??.??"]
[Round "7"]
[White "Ratolistka, Josef"]
[Black "Mlynek, Petr"]
[Result "1-0"]
[WhiteElo "2180"]
[BlackElo "2150"]
[PlyCount "83"]
[EventDate "1996.07.??"]
[EventType "swiss"]
[EventRounds "9"]
[EventCountry "CZE"]
[SourceTitle "CBM 055 Extra"]
[Source "ChessBase"]
[SourceDate "1997.01.01"]
[SourceVersion "1"]
[SourceVersionDate "1997.01.01"]
[SourceQuality "1"]

1. Nf3 d5 2. d4 Nf6 3. Bf4 Bf5 4. e3 e6 5. Bd3 Bg6 6. Ne5 Bd6 7. h4 Nbd7 8. Bb5 Bxe5 9. dxe5 Nh5 10. Bg5 f6 11. exf6 Nhxf6 12. h5 Bf7 13. Bxd7+ Kxd7 14. h6 gxh6 15. Rxh6 Bg6 16. Qd4 Rf8 17. Nc3 Ke8 18. 0-0-0 Qe7 19. e4 c5 20. Qa4+ Qd7 21. Nb5 Kf7 22. Bxf6 Kxf6 23. exd5 Kg7 24. dxe6 Qxe6 25. Qh4 Qf5 26. Rd2 Rad8 27. Rxg6+ hxg6 28. Rxd8 Rxd8 29. Qxd8 Qxf2 30. Qd7+ Kf6 31. b3 Qxg2 32. Qd6+ Kg7 33. Qxc5 g5 34. Nd4 Qf1+ 35. Kb2 Qf6 36. Qxa7 Kg6 37. Qc5 g4 38. Qc3 Kh5 39. Ne2 Qe7 40. Nf4+ Kg5 41. Ng2 Qe4 42. Qe3+ 1-0

[Event "Pardubice KB op"]
[Site "Pardubice"]
[Date "1996.??.??"]
[Round "5"]
[White "Ratolistka, Josef"]
[Black "Volodin, Viktor Nikolaevich"]
[Result "0-1"]
[WhiteElo "2180"]
[BlackElo "2330"]
[PlyCount "86"]
[EventDate "1996.07.??"]
[EventType "swiss"]
[EventRounds "9"]
[EventCountry "CZE"]
[SourceTitle "CBM 055 Extra"]
[Source "ChessBase"]
[SourceDate "1997.01.01"]
[SourceVersion "1"]
[SourceVersionDate "1997.01.01"]
[SourceQuality "1"]

1. Nf3 d5 2. d4 Nf6 3. Bf4 Bf5 4. e3 e6 5. Bd3 Bxd3 6. Qxd3 c6 7. 0-0 Be7 8. h3 Nbd7 9. Nbd2 0-0 10. c4 Re8 11. Rfe1 Nf8 12. Rac1 Ng6 13. Bh2 Bd6 14. Bxd6 Qxd6 15. Rc2 Rad8 16. a3 e5 17. dxe5 Nxe5 18. Nxe5 Qxe5 19. Nf3 Qe4 20. Qxe4 dxe4 21. Nd4 Nd7 22. Kf1 g6 23. Ke2 f5 24. Nb3 Ne5 25. Nc1 Kf7 26. b3 g5 27. Rd1 Rxd1 28. Kxd1 Rd8+ 29. Rd2 Rxd2+ 30. Kxd2 h5 31. Ke2 h4 32. f4 exf3+ 33. gxf3 g4 34. fxg4 fxg4 35. hxg4 Kf6 36. Kf2 Kg5 37. Ne2 Nxg4+ 38. Kf3 Ne5+ 39. Ke4 h3 40. Ng3 Kg4 41. Nf1 Nf3 42. Kd3 h2 43. Nxh2+ Nxh2 0-1

[Event "Ceske Budejovice op"]
[Site "Ceske Budejovice"]
[Date "1995.??.??"]
[Round "1"]
[White "Ratolistka, Josef"]
[Black "Tunik, Gennady"]
[Result "1/2-1/2"]
[WhiteElo "2225"]
[BlackElo "2515"]
[PlyCount "59"]
[EventDate "1995.??.??"]
[EventType "swiss"]
[EventRounds "9"]
[EventCountry "CZE"]
[SourceTitle "EXT 1997"]
[Source "ChessBase"]
[SourceDate "1996.11.15"]
[SourceVersion "1"]
[SourceVersionDate "1996.11.15"]
[SourceQuality "1"]

1. Nf3 Nf6 2. d4 e6 3. Bf4 c5 4. e3 Be7 5. c3 Nh5 6. Bg3 Nxg3 7. hxg3 d5 8. Ne5 Nd7 9. Bb5 Bd6 10. Nxd7 Bxd7 11. Qa4 a6 12. Bxd7+ Qxd7 13. Qxd7+ Kxd7 14. Nd2 cxd4 15. exd4 h6 16. a4 b5 17. axb5 axb5 18. Ke2 f6 19. Nb3 e5 20. Rxa8 Rxa8 21. Ra1 Rxa1 22. Nxa1 h5 23. Nc2 Ke6 24. Kd3 g5 25. b4 e4+ 26. Ke2 f5 27. Na3 f4 28. Nxb5 fxg3 29. Nxd6 Kxd6 30. fxg3 1/2-1/2

[Event "Pardubice op"]
[Site "Pardubice"]
[Date "1995.??.??"]
[Round "?"]
[White "Vokac, Marek"]
[Black "Ratolistka, Josef"]
[Result "1/2-1/2"]
[WhiteElo "2475"]
[BlackElo "2225"]
[PlyCount "128"]
[EventDate "1995.07.??"]
[EventType "swiss"]
[EventRounds "9"]
[EventCountry "CZE"]
[SourceTitle "EXT 1997"]
[Source "ChessBase"]
[SourceDate "1996.11.15"]
[SourceVersion "1"]
[SourceVersionDate "1996.11.15"]
[SourceQuality "1"]

1. d4 d5 2. c4 c6 3. Nf3 Nf6 4. Nc3 Bf5 5. cxd5 Nxd5 6. Nd2 Bg6 7. e4 Nf6 8. e5 Nd5 9. Qb3 Qb6 10. Nxd5 Qxb3 11. Nxb3 cxd5 12. Bb5+ Kd8 13. Na5 a6 14. Ba4 b6 15. Bd2 e6 16. Rc1 Ra7 17. Ke2 f6 18. Nc6+ Nxc6 19. Bxc6 Be7 20. h4 Rc7 21. exf6 Bxf6 22. Bf4 Re7 23. h5 Be8 24. Be5 Bxe5 25. dxe5 Rc7 26. Bxe8 Rxe8 27. f4 Ree7 28. g4 Rc5 29. b4 Rc4 30. Rxc4 dxc4 31. Ke3 b5 32. Ke4 Rd7 33. f5 h6 34. f6 Ke8 35. Rf1 Kf7 36. fxg7+ Kxg7 37. Rf2 c3 38. Rf1 Rc7 39. Kd3 Rc4 40. Rc1 Rxg4 41. Rxc3 Rg5 42. Rc7+ Kf8 43. Kd4 Rxh5 44. Ra7 Rh1 45. Rxa6 Rd1+ 46. Kc5 Rd5+ 47. Kc6 Rxe5 48. a4 bxa4 49. b5 Re3 50. b6 Rc3+ 51. Kb7 Kf7 52. Ka7 Kf6 53. b7 Rc7 54. Kb6 Rxb7+ 55. Kxb7 Kf5 56. Kc6 h5 57. Rxa4 Kg5 58. Kd6 h4 59. Ke5 h3 60. Ra8 Kg4 61. Ke4 h2 62. Rh8 Kg3 63. Ke3 Kg2 64. Rg8+ Kf1 1/2-1/2

[Event "CZE Czechia-ch"]
[Site "Czech Republic"]
[Date "1993.??.??"]
[Round "2"]
[White "Jacek, Martin"]
[Black "Ratolistka, Josef"]
[Result "1-0"]
[WhiteElo "1985"]
[BlackElo "2230"]
[PlyCount "48"]
[EventDate "1993.??.??"]
[EventType "swiss"]
[EventRounds "9"]
[EventCountry "CZE"]
[SourceTitle "EXT 1997"]
[Source "ChessBase"]
[SourceDate "1996.11.15"]
[SourceVersion "1"]
[SourceVersionDate "1996.11.15"]
[SourceQuality "1"]

1. e4 Nf6 2. e5 Nd5 3. c4 Nb6 4. c5 Nd5 5. Nc3 Nxc3 6. dxc3 d5 7. cxd6 exd6 8. Nf3 Be7 9. Bf4 dxe5 10. Qxd8+ Bxd8 11. Nxe5 Be6 12. Bc4 Bxc4 13. Nxc4 0-0 14. 0-0-0 a5 15. Rhe1 g5 16. Be3 Bf6 17. Rd5 Re8 18. Rxa5 Rxa5 19. Nxa5 b6 20. Nb3 Nc6 21. Rd1 Rd8 22. Rxd8+ Bxd8 23. Nd4 Nxd4 24. Bxd4 c5 1-0

[Event "CZE Czechia-ch"]
[Site "Czech Republic"]
[Date "1993.??.??"]
[Round "5"]
[White "Ratolistka, Josef"]
[Black "Hrubes, Pavel"]
[Result "1-0"]
[WhiteElo "2230"]
[BlackElo "2005"]
[PlyCount "103"]
[EventDate "1993.??.??"]
[EventType "swiss"]
[EventRounds "9"]
[EventCountry "CZE"]
[SourceTitle "EXT 1997"]
[Source "ChessBase"]
[SourceDate "1996.11.15"]
[SourceVersion "1"]
[SourceVersionDate "1996.11.15"]
[SourceQuality "1"]

1. Nf3 c5 2. g3 Nc6 3. Bg2 e5 4. d3 Nf6 5. c4 Be7 6. Nc3 0-0 7. Bg5 d6 8. 0-0 Be6 9. Nd2 Qd7 10. Re1 Ng4 11. Bxe7 Nxe7 12. Nd5 Bxd5 13. cxd5 Qf5 14. Rf1 Ng6 15. e3 Nh6 16. Nc4 Rad8 17. e4 Qd7 18. Qh5 Qg4 19. Qxg4 Nxg4 20. Bh3 Nf6 21. a4 Ne8 22. a5 Nc7 23. f4 f6 24. Ra3 Na6 25. Be6+ Kh8 26. Rb3 Nb4 27. f5 Ne7 28. Rf2 Rfe8 29. Na3 a6 30. Nc2 Nc8 31. Nxb4 cxb4 32. Rxb4 Re7 33. Bxc8 Rxc8 34. Rc4 Rd8 35. Rfc2 Red7 36. Kf2 g6 37. fxg6 hxg6 38. Rc8 Rxc8 39. Rxc8+ Kg7 40. Ke3 Kh6 41. d4 exd4+ 42. Kxd4 Kg5 43. h3 Rh7 44. h4+ Kg4 45. Rd8 Kxg3 46. Rxd6 Rf7 47. Re6 Kxh4 48. d6 g5 49. Re7 Rf8 50. d7 Rd8 51. Kd5 g4 52. Ke6 1-0

[Event "Pardubice op"]
[Site "Pardubice"]
[Date "1993.??.??"]
[Round "1"]
[White "Ratolistka, Josef"]
[Black "Meister, Jakob"]
[Result "0-1"]
[WhiteElo "2230"]
[BlackElo "2455"]
[PlyCount "108"]
[EventDate "1993.07.??"]
[EventType "swiss"]
[EventRounds "9"]
[EventCountry "CZE"]
[SourceTitle "TD"]
[Source "ChessBase"]
[SourceDate "1994.03.01"]
[SourceVersion "1"]
[SourceVersionDate "1994.03.01"]
[SourceQuality "1"]

1. Nf3 d5 2. d4 Nf6 3. Bf4 e6 4. e3 c5 5. c3 Nc6 6. Be2 Bd6 7. Bg3 Ne4 8. Bxd6 Qxd6 9. Nfd2 Nf6 10. 0-0 e5 11. dxe5 Nxe5 12. Nf3 0-0 13. c4 Rd8 14. cxd5 Nxd5 15. Nc3 Be6 16. Qc2 Nxc3 17. Qxc3 Nxf3+ 18. Bxf3 Qc7 19. b3 Rac8 20. Rfd1 b5 21. Rxd8+ Rxd8 22. Be2 c4 23. Rc1 h6 24. a4 Qd6 25. bxc4 bxc4 26. h3 Qb6 27. a5 Qb3 28. Kh2 Kf8 29. Bg4 Qxc3 30. Rxc3 Bxg4 31. hxg4 Rc8 32. Kg3 Ke7 33. Kf3 Kd6 34. Ke2 Kc5 35. Kd2 Rb8 36. e4 Kd4 37. Rf3 f6 38. Rf5 Rb2+ 39. Kc1 Re2 40. Rd5+ Kc3 41. Kb1 Rxe4 42. Rd7 Rxg4 43. g3 a6 44. Rd6 Rd4 45. Rxa6 Rd1+ 46. Ka2 Rd2+ 47. Ka3 Rxf2 48. Rb6 Rf1 49. Ka4 Kc2 50. a6 c3 51. Kb5 Ra1 52. Kc6 Kd2 53. Kb7 c2 54. Rd6+ Ke2 0-1